[Event "XII. DBMM Schach"]
[Site "Berlin"]
[Date "2012.10.14"]
[Round "7.2"]
[White "Liebersbach, Siegmund"]
[Black "Lehmann, Michael"]
[Result "0-1"]
[WhiteElo "1726"]
[BlackElo "1663"]
[Annotator "br"]
[PlyCount "82"]
[EventDate "2012.??.??"]
[Source "FV Schach e.V."]
[SourceDate "2012.10.14"]
[WhiteTeam "W&W Wuestenrot&Württemb. Stuttg."]
[BlackTeam "BA Berlin Tempelhof III"]
[WhiteTeamCountry "GER"]
[BlackTeamCountry "GER"]

1. e4 c5 2. Nf3 Nc6 3. d4 cxd4 4. Nxd4 e5 5. Nb5 d6 6. N1c3 a6 7. Na3 Nf6 8.
Bg5 Be6 9. Nc4 h6 10. Bxf6 gxf6 11. Ne3 Ne7 12. Qf3 Bg7 13. O-O-O Qc7 14. Ned5
Bxd5 15. Nxd5 Nxd5 16. Rxd5 Ke7 17. Be2 Rhd8 18. Rhd1 b5 19. Qb3 Ra7 20. R1d3
Qb6 21. Rf3 Rc7 22. Rf5 Rc5 23. Bh5 Rc4 24. Rd3 Rf8 25. Rg3 Bh8 26. Qe3 Qc6 27.
Bd1 Qxe4 28. Qxe4 Rxe4 29. Rh5 Rc4 30. Rxh6 f5 31. Rd3 Bf6 32. Rh7 e4 33. Ra3
Rc6 34. Bh5 d5 35. f3 Bg5+ 36. Kd1 e3 37. g3 f4 38. h4 fxg3 39. hxg5 g2 40.
Rxe3+ Re6 41. Rxe6+ Kxe6 0-1

[Event "XII. DBMM Schach"]
[Site "Berlin"]
[Date "2012.10.14"]
[Round "7.3"]
[White "Koerting, Klaus"]
[Black "Nitsch, Norbert"]
[Result "1/2-1/2"]
[WhiteElo "1643"]
[BlackElo "1708"]
[Annotator "br"]
[PlyCount "52"]
[EventDate "2012.??.??"]
[Source "FV Schach e.V."]
[SourceDate "2012.10.14"]
[WhiteTeam "BA Berlin Tempelhof III"]
[BlackTeam "W&W Wuestenrot&Württemb. Stuttg."]
[WhiteTeamCountry "GER"]
[BlackTeamCountry "GER"]

1. d4 d5 2. c4 c6 3. e3 Nf6 4. Nc3 e6 5. a3 a6 6. Bd3 dxc4 7. Bxc4 b5 8. Bd3 c5
9. h3 Bb7 10. Nf3 cxd4 11. exd4 Be7 12. O-O O-O 13. Be3 Nbd7 14. Qe2 Nb6 15.
Rad1 Rc8 16. Ne5 Nbd5 17. Nxd5 Qxd5 18. f3 Qd6 19. f4 Rc7 20. f5 exf5 21. Bxf5
Nd5 22. Bxh7+ Kxh7 23. Qh5+ Kg8 24. Nxf7 Rxf7 25. Qxf7+ Kh8 26. Qh5+ Kg8
1/2-1/2

[Event "XII. DBMM Schach"]
[Site "Berlin"]
[Date "2012.10.14"]
[Round "7.4"]
[White "Peck, Malcolm"]
[Black "Warnest, Stefan"]
[Result "0-1"]
[WhiteElo "1694"]
[BlackElo "1470"]
[Annotator "br"]
[PlyCount "138"]
[EventDate "2012.??.??"]
[Source "FV Schach e.V."]
[SourceDate "2012.10.14"]
[WhiteTeam "W&W Wuestenrot&Württemb. Stuttg."]
[BlackTeam "BA Berlin Tempelhof III"]
[WhiteTeamCountry "GER"]
[BlackTeamCountry "GER"]

1. d4 d5 2. Nf3 Nf6 3. e3 e6 4. Bd3 Bd6 5. Nbd2 Nbd7 6. O-O O-O 7. c3 c5 8. Qe2
c4 9. Bc2 b5 10. e4 dxe4 11. Nxe4 Qc7 12. a4 Rb8 13. axb5 Nxe4 14. Qxe4 Nf6 15.
Qc6 Rb7 16. Ra6 Rb6 17. Rxb6 axb6 18. Qxc7 Bxc7 19. Nd2 Bd7 20. Ba4 Ra8 21. Bd1
Bxb5 22. Be2 Ra4 23. b3 Ra2 24. Bxc4 Bxc4 25. Nxc4 Ne4 26. Re1 Nxc3 27. Bb2 Nd5
28. Rc1 b5 29. Ne3 Rxb2 30. Nxd5 exd5 31. Kf1 Bd6 32. Rc8+ Bf8 33. Rc3 b4 34.
Rd3 Rc2 35. Rd1 Rc3 36. Rb1 Rd3 37. Ke2 Rxd4 38. f3 Rf4 39. Rc1 Rf6 40. Kd3 Rd6
41. Rc8 f6 42. Rb8 Rc6 43. Kd4 Rc3 44. Kxd5 Rxb3 45. h4 Rb1 46. g4 Rf1 47. Ke4
g6 48. f4 Re1+ 49. Kf3 g5 50. fxg5 fxg5 51. h5 h6 52. Rb7 Re6 53. Rb8 Kg7 54.
Rb7+ Kf6 55. Rb5 Bd6 56. Rf5+ Ke7 57. Rb5 Kd7 58. Rd5 Kc6 59. Rd2 Kc5 60. Rc2+
Kd4 61. Kg2 Kd3 62. Rc6 b3 63. Kh3 b2 64. Rb6 Re3+ 65. Kg2 Re2+ 66. Kf1 Be5 67.
Rb3+ Bc3 68. Rb5 Re1+ 69. Kg2 b1=Q 0-1

[Event "XII. DBMM Schach"]
[Site "Berlin"]
[Date "2012.10.14"]
[Round "7.1"]
[White "Kaliski, Achim"]
[Black "Britze, Jan"]
[Result "0-1"]
[WhiteElo "2001"]
[BlackElo "1742"]
[Annotator "br"]
[PlyCount "56"]
[EventDate "2012.??.??"]
[Source "FV Schach e.V."]
[SourceDate "2012.10.14"]
[WhiteTeam "Baubehoerde Hamburg II"]
[BlackTeam "RBB Berlin"]
[WhiteTeamCountry "GER"]
[BlackTeamCountry "GER"]

1. e4 e5 2. f4 d5 3. Nf3 Bg4 4. Be2 exf4 5. e5 Bxf3 6. Bxf3 Qh4+ 7. Kf1 c6 8.
d4 f5 9. Qd3 Nh6 10. c4 dxc4 11. Qxc4 Ng4 12. Bxg4 Qxg4 13. Nc3 f3 14. g3 Nd7
15. Kf2 O-O-O 16. h3 Qg6 17. Bf4 Nb6 18. Qd3 Bc5 19. Be3 f4 20. Qxg6 fxe3+ 21.
Kxf3 Rhf8+ 22. Qf5+ Rxf5+ 23. Ke4 g6 24. dxc5 Nc4 25. b4 Rxe5+ 26. Kf3 Rf5+ 27.
Ke2 Rd2+ 28. Ke1 Ne5 0-1

[Event "XII. DBMM Schach"]
[Site "Berlin"]
[Date "2012.10.14"]
[Round "7.2"]
[White "Schastok, Erwin"]
[Black "Raum, Norbert"]
[Result "0-1"]
[WhiteElo "1667"]
[BlackElo "1869"]
[Annotator "br"]
[PlyCount "76"]
[EventDate "2012.??.??"]
[Source "FV Schach e.V."]
[SourceDate "2012.10.14"]
[WhiteTeam "RBB Berlin"]
[BlackTeam "Baubehoerde Hamburg II"]
[WhiteTeamCountry "GER"]
[BlackTeamCountry "GER"]

1. e4 e6 2. Bc4 d5 3. exd5 exd5 4. Bb3 Nf6 5. c3 Bd6 6. Ne2 O-O 7. O-O Re8 8.
d4 Bg4 9. f3 Bf5 10. Bg5 c6 11. Ng3 Bxb1 12. Qxb1 h6 13. Bd2 Qc7 14. Be1 Nbd7
15. Qd3 Nf8 16. Kh1 Ng6 17. Ne2 Nf4 18. Nxf4 Bxf4 19. g3 Re3 20. Qf5 Bd6 21.
Bd2 Re6 22. Bc2 g6 23. Qh3 h5 24. Bg5 Rae8 25. g4 Bf4 26. Bxf6 Rxf6 27. gxh5
gxh5 28. Qxh5 Rh6 29. Qg4+ Kh8 30. h3 Rg8 31. Qf5 Rg3 32. Rae1 Rhxh3+ 33. Qxh3+
Rxh3+ 34. Kg2 Rh2+ 35. Kg1 Rxc2 36. Re8+ Kg7 37. Rfe1 Be3+ 38. R1xe3 Qg3+ 0-1

[Event "XII. DBMM Schach"]
[Site "Berlin"]
[Date "2012.10.14"]
[Round "7.3"]
[White "Hoffeins, Hans-Werner"]
[Black "Kersten, Martin"]
[Result "1/2-1/2"]
[WhiteElo "1791"]
[BlackElo "1760"]
[Annotator "br"]
[PlyCount "70"]
[EventDate "2012.??.??"]
[Source "FV Schach e.V."]
[SourceDate "2012.10.14"]
[WhiteTeam "Baubehoerde Hamburg II"]
[BlackTeam "RBB Berlin"]
[WhiteTeamCountry "GER"]
[BlackTeamCountry "GER"]

1. d3 d5 2. Nd2 e5 3. e4 Nf6 4. Ngf3 Bg4 5. Be2 c6 6. c3 Nbd7 7. O-O Bc5 8. Re1
O-O 9. b4 Bb6 10. a4 a5 11. Qc2 Rc8 12. Nf1 h6 13. Ba3 Re8 14. bxa5 Bxa5 15.
Bb4 Bc7 16. c4 dxe4 17. dxe4 c5 18. Bc3 Ba5 19. Bxa5 Qxa5 20. Ne3 Bxf3 21. Bxf3
Nf8 22. Nd5 Nxd5 23. exd5 e4 24. Rxe4 Ng6 25. g3 Ne5 26. Bg2 f6 27. f4 Ng4 28.
Qe2 Rxe4 29. Qxe4 Kh8 30. Qe6 Qc3 31. Qxc8+ Kh7 32. Qxg4 Qd4+ 33. Kf1 Qxa1+ 34.
Ke2 Qb2+ 35. Kd3 Qd4+ 1/2-1/2

[Event "XII. DBMM Schach"]
[Site "Berlin"]
[Date "2012.10.14"]
[Round "7.4"]
[White "Borchert, Peter"]
[Black "Hein, Andrea"]
[Result "1-0"]
[WhiteElo "1550"]
[BlackElo "1470"]
[Annotator "br"]
[PlyCount "57"]
[EventDate "2012.??.??"]
[Source "FV Schach e.V."]
[SourceDate "2012.10.14"]
[WhiteTeam "RBB Berlin"]
[BlackTeam "Baubehoerde Hamburg II"]
[WhiteTeamCountry "GER"]
[BlackTeamCountry "GER"]

1. d4 d5 2. Nf3 Nf6 3. e3 Bg4 4. Be2 e6 5. Nbd2 Nc6 6. h3 Bh5 7. O-O a6 8. a3
Be7 9. b4 Na7 10. Bb2 O-O 11. c4 c6 12. c5 Nc8 13. Ne5 Bxe2 14. Qxe2 Qc7 15.
Qd3 h6 16. f4 Nh5 17. f5 Ng3 18. fxe6 Nxf1 19. exf7+ Rxf7 20. Nxf7 Qh2+ 21.
Kxf1 Kxf7 22. Qf5+ Bf6 23. Nf3 Ne7 24. Qg4 Qc7 25. Ke2 Qc8 26. Qh5+ Kg8 27. Ne5
Qe8 28. Qg4 Qc8 29. Nd7 1-0

[Event "XII. DBMM Schach"]
[Site "Berlin"]
[Date "2012.10.14"]
[Round "7.1"]
[White "Weidl, Robert"]
[Black "Bangert, Udo"]
[Result "1-0"]
[WhiteElo "1754"]
[BlackElo "1815"]
[Annotator "br"]
[PlyCount "59"]
[EventDate "2012.??.??"]
[Source "FV Schach e.V."]
[SourceDate "2012.10.14"]
[WhiteTeam "ADAC Muenchen II"]
[BlackTeam "SG Stern Stuttgart II"]
[WhiteTeamCountry "GER"]
[BlackTeamCountry "GER"]

1. e4 c6 2. d4 d5 3. e5 Bf5 4. Be3 Qb6 5. Qc1 e6 6. Nf3 Nd7 7. Be2 Rc8 8. O-O
c5 9. c3 cxd4 10. Nxd4 Bc5 11. Nxf5 exf5 12. Bxc5 Qxc5 13. Qf4 Ne7 14. Nd2 Qc7
15. Bb5 O-O 16. Bxd7 Qxd7 17. Rad1 Qb5 18. Nb3 Rc4 19. Rd4 Rfc8 20. Rfd1 a5 21.
Qh4 Ng6 22. Rxc4 Qxc4 23. Qxc4 dxc4 24. Nxa5 Nxe5 25. Nxb7 Nd3 26. Nd6 Nxb2 27.
Rb1 Rd8 28. Rxb2 Kf8 29. Rd2 Rb8 30. g3 1-0

[Event "XII. DBMM Schach"]
[Site "Berlin"]
[Date "2012.10.14"]
[Round "7.2"]
[White "Aab, Manfred"]
[Black "Obermeier, Karlheinz"]
[Result "1-0"]
[WhiteElo "1802"]
[BlackElo "1575"]
[Annotator "br"]
[PlyCount "41"]
[EventDate "2012.??.??"]
[Source "FV Schach e.V."]
[SourceDate "2012.10.14"]
[WhiteTeam "SG Stern Stuttgart II"]
[BlackTeam "ADAC Muenchen II"]
[WhiteTeamCountry "GER"]
[BlackTeamCountry "GER"]

1. d4 d5 2. e4 dxe4 3. Nc3 Nf6 4. f3 exf3 5. Nxf3 e6 6. Bg5 Be7 7. Bd3 Nbd7 8.
Qd2 c6 9. O-O O-O 10. Qf2 Nd5 11. Qh4 g6 12. Nxd5 exd5 13. Bxe7 Qe8 14. Rae1 f6
15. Bxf8 Qxf8 16. Re2 Qd6 17. Rfe1 Nf8 18. Re8 Kf7 19. Rxf8+ Qxf8 20. Qxh7+ Qg7
21. Re7+ 1-0

[Event "XII. DBMM Schach"]
[Site "Berlin"]
[Date "2012.10.14"]
[Round "7.3"]
[White "Lajh, Anton"]
[Black "Ordu, Armin"]
[Result "1-0"]
[WhiteElo "1507"]
[BlackElo "1801"]
[Annotator "br"]
[PlyCount "87"]
[EventDate "2012.??.??"]
[Source "FV Schach e.V."]
[SourceDate "2012.10.14"]
[WhiteTeam "ADAC Muenchen II"]
[BlackTeam "SG Stern Stuttgart II"]
[WhiteTeamCountry "GER"]
[BlackTeamCountry "GER"]

1. e4 e5 2. Nf3 Nc6 3. Bc4 Bc5 4. a3 Nf6 5. d3 h6 6. O-O O-O 7. Nc3 a6 8. h3 d6
9. Be3 Ba7 10. Bxa7 Nxa7 11. Nh2 b5 12. Ba2 c6 13. f4 exf4 14. Rxf4 Be6 15. Qf3
a5 16. Ne2 c5 17. Ng3 Nc6 18. Nh5 Nh7 19. Qd1 Qg5 20. h4 Qe7 21. Qe2 Bxa2 22.
Rxa2 Nd4 23. Qf2 Qe5 24. Ng3 g5 25. hxg5 hxg5 26. Ng4 Qxf4 27. Qxf4 gxf4 28.
Nf5 Nxc2 29. Nxd6 c4 30. dxc4 bxc4 31. Nxc4 a4 32. Nb6 Rad8 33. Nxa4 Rd4 34. b4
Ne3 35. Nxe3 fxe3 36. Nc3 Nf6 37. Nd5 Ng4 38. g3 Rxe4 39. Nf4 Rd4 40. Ne2 Rd2
41. Rxd2 exd2 42. Nc3 Ne3 43. b5 Nc4 44. a4 1-0

[Event "XII. DBMM Schach"]
[Site "Berlin"]
[Date "2012.10.14"]
[Round "7.4"]
[White "Balija, Cerim"]
[Black "Zunk, Olaf"]
[Result "1-0"]
[WhiteElo "1576"]
[BlackElo "1464"]
[Annotator "br"]
[PlyCount "65"]
[EventDate "2012.??.??"]
[Source "FV Schach e.V."]
[SourceDate "2012.10.14"]
[WhiteTeam "SG Stern Stuttgart II"]
[BlackTeam "ADAC Muenchen II"]
[WhiteTeamCountry "GER"]
[BlackTeamCountry "GER"]

1. e4 e5 2. Bc4 Nc6 3. c3 Nf6 4. d3 Be7 5. h3 O-O 6. Nf3 d5 7. exd5 Nxd5 8.
Bxd5 Qxd5 9. c4 Qd8 10. O-O Bd6 11. Bg5 Be7 12. Be3 Bf6 13. Qe2 Re8 14. Nc3 Nd4
15. Qd1 c6 16. Ne4 Nxf3+ 17. Qxf3 Re6 18. Rad1 Qe7 19. a3 b6 20. Ng3 Bb7 21.
Qg4 Kf8 22. b4 Rd8 23. c5 g6 24. cxb6 axb6 25. Bxb6 Ra8 26. Bc5 Rd6 27. Bxd6
Qxd6 28. Ne4 Qd8 29. Nxf6 Qxf6 30. f4 h5 31. Qd7 Ra7 32. fxe5 Qg5 33. Qxf7# 1-0

[Event "XII. DBMM Schach"]
[Site "Berlin"]
[Date "2012.10.14"]
[Round "7.2"]
[White "Cagnoli, Michele"]
[Black "Feldmann, Alfred"]
[Result "0-1"]
[WhiteElo "1556"]
[BlackElo "1435"]
[Annotator "br"]
[PlyCount "124"]
[EventDate "2012.??.??"]
[Source "FV Schach e.V."]
[SourceDate "2012.10.14"]
[WhiteTeam "Europ. Patentamt MUC III"]
[BlackTeam "EADS Airbus Bremen"]
[WhiteTeamCountry "GER"]
[BlackTeamCountry "GER"]

1. Nf3 d5 2. c4 Nf6 3. e3 e6 4. Nc3 b6 5. d4 Bb7 6. Bd3 Be7 7. O-O O-O 8. b3
Nbd7 9. Bb2 Rc8 10. Nd2 c5 11. Ne2 Qc7 12. f3 Bd6 13. f4 Qc6 14. Nf3 Ne4 15.
Bxe4 dxe4 16. Nd2 Nf6 17. Ng3 Rfd8 18. Nh5 Be7 19. Qe2 Nxh5 20. Qxh5 Bf6 21.
Rad1 cxd4 22. Qg4 Kf8 23. f5 e5 24. Nb1 dxe3 25. Nc3 Rd3 26. Nd5 Rd2 27. Bc3 e2
28. Rxd2 exf1=Q+ 29. Kxf1 e3 30. Re2 Rd8 31. Bb4+ Ke8 32. Rxe3 b5 33. Rd3 bxc4
34. bxc4 Ba6 35. Nxf6+ Qxf6 36. Rc3 Rd4 37. Qf3 Bxc4+ 38. Ke1 Qh4+ 39. g3 Qe4+
40. Qxe4 Rxe4+ 41. Kf2 Bxa2 42. Bc5 a6 43. Ra3 Bc4 44. Ra4 Re2+ 45. Kg1 Rc2 46.
Ra3 Bb5 47. Bb4 e4 48. Rc3 Rxc3 49. Bxc3 e3 50. Kg2 g6 51. f6 Kd7 52. Kf3 e2
53. Kf2 Kc6 54. Ke3 Kd5 55. Kf2 Kc6 56. Ke3 Kb6 57. h4 a5 58. g4 a4 59. Bb4 a3
60. Kd2 a2 61. Bc3 Kc5 62. g5 Kd5 0-1

[Event "XII. DBMM Schach"]
[Site "Berlin"]
[Date "2012.10.14"]
[Round "7.3"]
[White "Dallmann, Karl"]
[Black "Milak, Adela"]
[Result "0-1"]
[WhiteElo "1400"]
[BlackElo "1463"]
[Annotator "br"]
[PlyCount "44"]
[EventDate "2012.??.??"]
[Source "FV Schach e.V."]
[SourceDate "2012.10.14"]
[WhiteTeam "EADS Airbus Bremen"]
[BlackTeam "Europ. Patentamt MUC III"]
[WhiteTeamCountry "GER"]
[BlackTeamCountry "GER"]

1. e4 e5 2. Nf3 Nc6 3. Bc4 Nf6 4. Nc3 Bb4 5. a3 Ba5 6. b4 Bb6 7. d3 h6 8. O-O
O-O 9. Bb2 Re8 10. Re1 a6 11. h3 d6 12. Nd5 Ba7 13. c3 Nb8 14. d4 c6 15. Ne3
exd4 16. cxd4 Nxe4 17. Re2 d5 18. Bb3 Nd7 19. Qd3 Ndf6 20. Rae1 Qc7 21. Bc2 Nh5
22. Nd2 Nf4 0-1

[Event "XII. DBMM Schach"]
[Site "Berlin"]
[Date "2012.10.14"]
[Round "7.1"]
[White "Wirth, Volker"]
[Black "Gall, Mike"]
[Result "1-0"]
[WhiteElo "1762"]
[BlackElo "1478"]
[Annotator "br"]
[PlyCount "42"]
[EventDate "2012.??.??"]
[Source "FV Schach e.V."]
[SourceDate "2012.10.14"]
[WhiteTeam "Sparkassenvers. Stuttgart II"]
[BlackTeam "TT/WiHeil Berlin"]
[WhiteTeamCountry "GER"]
[BlackTeamCountry "GER"]

1. d4 e6 2. c4 f5 3. Nc3 Nf6 4. Nf3 c6 5. e3 d5 6. Bd3 Bd6 7. O-O O-O 8. c5 Bc7
9. b4 a6 10. Bb2 Ne4 11. Qe2 Nd7 12. a4 Nxc3 13. Bxc3 Nf6 14. b5 axb5 15. axb5
Rxa1 16. Rxa1 Ne4 17. Bb4 cxb5 18. Bxb5 Rf6 19. Ra8 g5 20. c6 bxc6 21. Bxc6 Ba6
1-0

[Event "XII. DBMM Schach"]
[Site "Berlin"]
[Date "2012.10.14"]
[Round "7.2"]
[White "Lange, Andreas"]
[Black "Brethauer, Tim"]
[Result "1/2-1/2"]
[WhiteElo "1620"]
[BlackElo "1619"]
[Annotator "br"]
[PlyCount "29"]
[EventDate "2012.??.??"]
[Source "FV Schach e.V."]
[SourceDate "2012.10.14"]
[WhiteTeam "TT/WiHeil Berlin"]
[BlackTeam "Sparkassenvers. Stuttgart II"]
[WhiteTeamCountry "GER"]
[BlackTeamCountry "GER"]

1. f4 e6 2. Nf3 d5 3. g3 Nf6 4. d3 Bc5 5. e3 Nc6 6. Bg2 O-O 7. c3 Re8 8. O-O e5
9. b4 Bd6 10. b5 Nb8 11. fxe5 Bxe5 12. Nxe5 Rxe5 13. a4 Bg4 14. Bf3 Qd7 15. Ra2
1/2-1/2

[Event "XII. DBMM Schach"]
[Site "Berlin"]
[Date "2012.10.14"]
[Round "7.4"]
[White "Schulz, Manfred"]
[Black "Fenn Ries, Ruediger"]
[Result "1/2-1/2"]
[WhiteElo "1526"]
[BlackElo "1263"]
[Annotator "br"]
[PlyCount "42"]
[EventDate "2012.??.??"]
[Source "FV Schach e.V."]
[SourceDate "2012.10.14"]
[WhiteTeam "TT/WiHeil Berlin"]
[BlackTeam "Sparkassenvers. Stuttgart II"]
[WhiteTeamCountry "GER"]
[BlackTeamCountry "GER"]

1. d4 d5 2. Nf3 g6 3. e3 Bg7 4. c3 Nf6 5. Be2 O-O $2 6. Nbd2 Bf5 7. Ne5 Nbd7 8.
b4 Nxe5 9. dxe5 Nd7 10. O-O $2 f6 11. exf6 exf6 12. Qb3 Nb6 13. e4 Re8 14. Bf3
Be6 15. exd5 Bxd5 16. Bxd5+ Qxd5 17. Qxd5+ Nxd5 18. Nf3 Re2 19. Re1 Rxe1+ 20.
Nxe1 Re8 21. Kf1 f5 1/2-1/2